书目信息 |
| 题名: |
观念的聚变
|
|
| 作者: | 傅治平 著 | |
| 分册: | ||
| 出版信息: | 北京 人民出版社 2007.07 |
|
| 页数: | 351页 | |
| 开本: | 21cm | |
| 丛书名: | 观念三部曲 | |
| 单 册: | ||
| 中图分类: | D26 | |
| 科图分类: | ||
| 主题词: | ||
| 电子资源: | ||
| ISBN: | 978-7-01-006252-5 | |
| 000 | 01021nam 2200265 450 | |
| 001 | 012008424937 | |
| 005 | 20080611141302.67 | |
| 010 | @a978-7-01-006252-5@dCNY26.00 | |
| 100 | @a20080611d2007 em y0chiy0120 ea | |
| 101 | 0 | @achi |
| 102 | @aCN@b110000 | |
| 105 | @ay z 000yy | |
| 106 | @ar | |
| 200 | 1 | @a观念的聚变@Aguan nian de ju bian@e新世纪新阶段党的理论与实践创新@f傅治平著@Ffu zhi ping zhu |
| 210 | @a北京@c人民出版社@d2007.07 | |
| 215 | @a351页@d21cm | |
| 225 | 2 | @a观念三部曲@Aguan nian san bu qu |
| 330 | @a党的十六大以来,是一个理论创新的新时期,本书用十个“新”进行概括:新方位、新思维、新观念、新境界、新拓展、新思路、新变革、新角色、新趋向、新贡献。 | |
| 410 | 0 | @12001 @a观念三部曲 |
| 517 | 1 | @a新世纪新阶段党的理论与实践创新@Axin shi ji xin jie duan dang de li lun yu shi jian chuang xin |
| 601 | 02 | @a中国共产党@Azhong guo gong chan dang@x党的建设@j学习参考资料 |
| 690 | @aD26@v4 | |
| 701 | 0 | @a傅治平@Afu zhi ping@4著 |
| 801 | 0 | @aCN@bQSSK@c20080611 |
| 905 | @b726396-98@dD26@eF984@f3 | |
| 观念的聚变:新世纪新阶段党的理论与实践创新/傅治平著.-北京:人民出版社,2007.07 |
| 351页;21cm.-(观念三部曲) |
| ISBN 978-7-01-006252-5:CNY26.00 |
| 党的十六大以来,是一个理论创新的新时期,本书用十个“新”进行概括:新方位、新思维、新观念、新境界、新拓展、新思路、新变革、新角色、新趋向、新贡献。 |
| ● |
| 相关链接 |
|
|
|
正题名:观念的聚变
索取号:D26/F984
 
预约/预借
| 序号 | 登录号 | 条形码 | 馆藏地/架位号 | 状态 | 备注 |
| 1 | 726396 | 207263968 | 社科库509/509社科库 69排2列4层/ [索取号:D26/F984] | 在馆 | |
| 2 | 726397 | 207263977 | 社科库509/509社科库 69排2列4层/ [索取号:D26/F984] | 在馆 | |
| 3 | 726398 | 207263986 | 社科库509/509社科库 69排2列4层/ [索取号:D26/F984] | 在馆 |